Rubén Darío

שמור ב:
מידע ביבליוגרפי
מחבר ראשי: Lorenz, Erika
פורמט: ספר
שפה:Undetermined
יצא לאור: Managua, Nicaragua Lengua 1960
נושאים:
תגים: הוספת תג
אין תגיות, היה/י הראשונ/ה לתייג את הרשומה!

MARC

LEADER 00000nam a2200000Ia 4500
008 170316s9999 xx 000 0 und d
040 |a cru BVZT 
090 |a 860 L-26r 
100 |a Lorenz, Erika 
245 |a Rubén Darío 
260 |a Managua, Nicaragua 
260 |b Lengua 
260 |c 1960 
300 |a 140 páginas 
650 |a LITERATURA LATINOAMERICANA 
999 |c 8878  |d 8878 
942 |c 15 D  |h 860 L-26r  |2 z